| 000 | 00854nam a22002777a 4500 | ||
|---|---|---|---|
| 001 | 000368 | ||
| 003 | DO-SdBNP | ||
| 005 | 20240702103351.0 | ||
| 007 | 00368 | ||
| 008 | 160706b2006 sp a ||| 00| 0 spa d | ||
| 020 | _a8486684420 | ||
| 040 |
_aBPMSU _bspa _cBPMSU |
||
| 082 | 4 |
_a853.8 _bP912v 2006 _222 |
|
| 100 | 1 |
_a Prats, Joan de Déu, _cautor _d |
|
| 245 | 1 | 3 |
_aLa verdadera historia de Pinocho / _cJoan de Déu Prats ; ilustraciones, Marta Brú. |
| 260 |
_aBarcelona : _bMarge Books, _c2006 |
||
| 300 |
_a22 p. : _bil. ; _c29 cm. |
||
| 490 | 0 |
_aUrsa minor ; _v |
|
| 590 | _aInventariado, 2024/VM | ||
| 650 | 4 | _aCuuentos infantiles italianos | |
| 650 | 4 | _aLiteratura infantil italiana | |
| 700 | 1 |
_aBrú Marta _eilustración |
|
| 700 | 1 | 2 |
_aMazzanti, Enrico, _eil. |
| 910 | _aVMateo. Control de calidad. BPMSU | ||
| 942 |
_2ddc _cBK |
||
| 999 |
_c14710 _d14710 |
||